Football - Les 10 plus gros transferts (2003-2004) - Statistiques

Statistiques générales
  • Ce quiz a été pris 43 fois
  • Le résultat moyen est 3 sur 10
Statistiques - réponses
Rang Club Précédent Nouveau Club Montant Joueur % Correct
2 Paris SG Barcelone 32 250 000 € Ronaldinho
97%
1 Manchester United Real Madrid 37 500 000 € David Beckham
88%
10 Real Madrid Chelsea 20 000 000 € Claude Makélélé
39%
3 Inter Milan Chelsea 26 000 000 € Hernan Crespo
39%
9 Seville Arsenal 20 000 000 € José Antonio Reyes
24%
5 Parme Inter Milan 23 400 000 € Adriano
15%
7 Manchester United Chelsea 21 800 000 € Juan Sebastian Veron
15%
4 Blackburn Chelsea 24 500 000 € Damien Duff
9%
6 Parme Chelsea 22 700 000 € Adrian Mutu
6%
8 Inter Milan Parme 21 000 000 € Sebastien Frey
3%
Aucun quiz correspondant
Distribution des résultats
% des personnes avec chaque résultat
Percentile par nombre de réponses
Votre historique - résultats
Vous n’avez pas pris ce quiz